[Event "FRA-ch U14 Girls"]
[Site "Calvi"]
[Date "2005.04.19"]
[Round "3"]
[White "Miralles, Megane"]
[Black "Armas, Lara Maria"]
[Result "0-1"]
[WhiteElo "1630"]
[BlackElo "1730"]
[PlyCount "96"]
[EventDate "2005.04.??"]
[EventType "swiss"]
[EventRounds "9"]
[EventCountry "FRA"]
[SourceTitle "EXT 2006"]
[Source "ChessBase"]
[SourceDate "2005.11.24"]
[SourceVersion "1"]
[SourceVersionDate "2005.11.24"]
[SourceQuality "1"]

1. e4 c5 2. Nf3 a6 3. g3 Nc6 4. Bg2 d6 5. 0-0 Nf6 6. Re1 e6 7. c3 e5 8. d4 cxd4 9. cxd4 Bg4 10. d5 Nd4 11. Be3 Nxf3+ 12. Bxf3 Bxf3 13. Qxf3 Rc8 14. Nc3 Be7 15. Rad1 0-0 16. Kg2 a5 17. Rh1 Nd7 18. h4 Nc5 19. h5 Bg5 20. g4 Qe7 21. Rdf1 Bxe3 22. Qxe3 Qd7 23. Qg5 f6 24. Qh4 b5 25. f3 Nd3 26. Rb1 Nxb2 27. Rxb2 Rxc3 28. g5 fxg5 29. Qxg5 Rfxf3 30. Qh4 Rf4 31. Rxb5 Rxh4 32. Rb8+ Rc8 33. Rxc8+ Qxc8 34. Rxh4 Qc2+ 35. Kf3 Qxa2 36. Rh1 a4 37. Ke3 Qb2 38. Kd3 a3 39. Kc4 a2 40. Rg1 a1Q 41. Rxa1 Qxa1 42. Kb5 Qc3 43. Kb6 Qc5+ 44. Kb7 Kf7 45. Kb8 Ke7 46. Kb7 Kd7 47. Kb8 Qb6+ 48. Ka8 Kc7 0-1

[Event "France-ch U14 Girls"]
[Site "Reims"]
[Date "2004.04.19"]
[Round "2"]
[White "Brih, Touatia"]
[Black "Miralles, Megane"]
[Result "1-0"]
[WhiteElo "1968"]
[BlackElo "1630"]
[PlyCount "53"]
[EventDate "2004.04.??"]
[EventType "swiss"]
[EventRounds "9"]
[EventCountry "FRA"]
[SourceTitle "EXT 2005"]
[Source "ChessBase"]
[SourceDate "2004.11.15"]
[SourceVersion "1"]
[SourceVersionDate "2004.11.15"]
[SourceQuality "1"]

1. e4 c6 2. Nf3 d5 3. exd5 cxd5 4. Ne5 Nf6 5. d4 e6 6. c3 Nc6 7. Bd3 Be7 8. 0-0 h6 9. Bf4 0-0 10. Qf3 Bd7 11. Nd2 Rc8 12. Rfe1 Be8 13. Qh3 h5 14. Bg5 Nh7 15. Bxh7+ Kxh7 16. Qxh5+ Kg8 17. Bxe7 Qxe7 18. Ndf3 Nxe5 19. dxe5 g6 20. Qh6 f6 21. exf6 Rxf6 22. Qg5 Qf7 23. Ne5 Qg7 24. Ng4 Rf8 25. Rxe6 Bf7 26. Nf6+ Kh8 27. Qh4+ 1-0

[Event "FRA-ch U12 Girls"]
[Site "Le Grand Bornand"]
[Date "2003.??.??"]
[Round "7.3"]
[White "Bomba, Melody"]
[Black "Miralles, Megane"]
[Result "1-0"]
[WhiteElo "1400"]
[BlackElo "1540"]
[PlyCount "115"]
[EventDate "2003.??.??"]
[EventType "swiss"]
[EventRounds "9"]
[EventCountry "FRA"]
[SourceTitle "EXT 2004"]
[Source "ChessBase"]
[SourceDate "2003.11.25"]
[SourceVersion "1"]
[SourceVersionDate "2003.11.25"]
[SourceQuality "1"]

1. d4 d6 2. Nf3 g6 3. Nc3 Bg7 4. h3 Nd7 5. e4 e5 6. Be3 Ngf6 7. Bd3 b6 8. Qd2 h6 9. a3 Bb7 10. Nh2 c5 11. d5 g5 12. f3 Nh7 13. Nf1 Bc8 14. Ng3 Nb8 15. Bb5+ Kf8 16. Nf5 a6 17. Bd3 b5 18. Nxg7 Kxg7 19. b3 Qa5 20. 0-0 Qd8 21. Qf2 Rg8 22. Ne2 Qf6 23. Ng3 Kf8 24. Bxc5 dxc5 25. Qxc5+ Ke8 26. Qxc8+ Qd8 27. Qf5 Qb6+ 28. Kh1 Nf6 29. Qxe5+ Kf8 30. Nf5 Qd8 31. Qc3 Nbd7 32. Qb4+ Ke8 33. Nd6+ Kf8 34. Nb7+ Qe7 35. Qxe7+ Kxe7 36. c4 Rab8 37. Na5 Kd6 38. cxb5 axb5 39. b4 Ne5 40. Be2 Rgc8 41. Rac1 Rh8 42. Nc6 Rb6 43. Nxe5 Kxe5 44. Rc5 Kd6 45. Rxb5 Rxb5 46. Bxb5 h5 47. Rc1 Ke5 48. Kg1 g4 49. hxg4 hxg4 50. a4 gxf3 51. gxf3 Rg8+ 52. Kf2 Rh8 53. Ke3 Rh2 54. a5 Ra2 55. Rc7 Ra3+ 56. Bd3 Nxd5+ 57. exd5 Kxd5 58. a6 1-0

[Event "FRA-ch U12 Girls"]
[Site "Hyeres"]
[Date "2002.??.??"]
[Round "5.6"]
[White "Miralles, Megane"]
[Black "Vallee, Laura"]
[Result "1-0"]
[WhiteElo "1490"]
[BlackElo "1360"]
[PlyCount "87"]
[EventDate "2002.04.05"]
[EventType "swiss"]
[EventRounds "9"]
[EventCountry "FRA"]
[SourceTitle "EXT 2003"]
[Source "ChessBase"]
[SourceDate "2002.11.25"]
[SourceVersion "1"]
[SourceVersionDate "2002.11.25"]
[SourceQuality "1"]

1. e4 e5 2. Nf3 Nf6 3. Nxe5 d6 4. Nf3 Nxe4 5. d4 d5 6. Bd3 Bd6 7. 0-0 0-0 8. c4 c6 9. Nc3 Nxc3 10. bxc3 Be6 11. cxd5 Bxd5 12. Re1 c5 13. c4 Bc6 14. Bb2 cxd4 15. Bxd4 Nd7 16. Be4 Qc7 17. Qd3 h6 18. Bb2 Nc5 19. Qd4 f6 20. Bxc6 Qxc6 21. Rad1 Rad8 22. Qg4 Rd7 23. Nd4 Qc7 24. g3 Re7 25. Rxe7 Bxe7 26. Nf5 Bd8 27. Nxh6+ Kh8 28. Nf5 Qf7 29. Rd4 g6 30. Qh3+ Qh7 31. Rh4 Qxh4 32. Qxh4+ Kg8 33. Ne3 Nd7 34. Qd4 Rf7 35. Qxa7 Nf8 36. Qd4 Be7 37. a4 Ne6 38. Qc3 Nc5 39. Qa5 Nd3 40. Bd4 Bb4 41. Qa8+ Kg7 42. Ng4 Rc7 43. Bxf6+ Kf7 44. Qd8 1-0